| 000 | 00899nam a2200289 a 4500 | ||
|---|---|---|---|
| 001 | 000113327 | ||
| 003 | CHAP | ||
| 005 | 20220329144349.0 | ||
| 008 | 170607s1995 enk |r| |||||||eng d | ||
| 010 | _a109788 | ||
| 011 | _a110760 | ||
| 020 | _a9780521564809 | ||
| 040 | _cCHAP | ||
| 090 | _aFolleto 3288y | ||
| 245 | 0 | 0 |
_aGlobal biodiversity assessment : _bsumary for Policy-Markers / _ceditado por V.H. Heywood ...[et al.]. |
| 260 |
_aCambridge : _aUnited Nations Environment Programme : _bUniversity Press, _c1995. |
||
| 300 |
_a46 p : _bil. |
||
| 590 |
_aE5765TAJ _b05 _c20170607 _lUCH01 _h1224 |
||
| 590 |
_aE5765TAJ _b05 _c20170607 _lUCH01 _h1255 |
||
| 590 |
_aE5765TAJ _b05 _c20170607 _lUCH01 _h1255 |
||
| 650 | 1 | 4 |
_aBiodiversidad _xConservación. _912726 |
| 650 | 1 | 4 |
_aBiodiversidad _xLeyes. _912728 |
| 700 | 0 |
_aHeywood, V. H. _eed. _955127 |
|
| 901 | _aBK | ||
| 942 | _cFOLL | ||
| 942 | _n0 | ||
| 999 |
_c109788 _d109788 |
||